00566nam a22001937a 4500003000400000020001800004082001800022100001900040245004000059250000800099260004700107300000700154650002800161653001700189700002100206942001200227952011600239999001700355SGT a9786206779186 a617.601bS23K aKhurana, Charu aSocial inequalities and oral health a1st aGermanybLambert Academic Publishingc2023 a52 aPublic Health Dentistry aOral Health  aMinocha, Rashmit 2ddccBK 00102ddc405171aFDbFDcREFd2024-08-05iSGTUl0o617.601 S23KpFD9324r2024-08-05 00:00:00w2024-08-05yBK c26759d26759